Documento firmado por Don José Covian de los Ríos y Bruno Francisco Larrañaga (Record no. 4888)

MARC details
000 -CABECERA
campo de control de longitud fija 02609nam a2200325 a 4500
001 - NÚMERO DE CONTROL
campo de control BRCA_5194
005 - FECHA Y HORA DE LA ÚLTIMA TRANSACCIÓN
campo de control 20190320204958.0
008 - DATOS DE LONGITUD FIJA--INFORMACIÓN GENERAL
campo de control de longitud fija 251110s1798----mx-######v---#000-0#spa-#
041 ## - CÓDIGO DE LENGUA
Código de lengua del texto/banda sonora o título independiente spa
044 ## - CÓDIGO DEL PAÍS DE LA ENTIDAD EDITORA/PRODUCTORA
Código MARC del país mx
084 ## - OTRO NÚMERO DE CLASIFICACIÓN
Número de clasificación DOC119D
Número de documento/Ítem .C68
-- 1798
100 1# - ENTRADA PRINCIPAL--NOMBRE DE PERSONA
Nombre de persona Covian de los Ríos, José
9 (RLIN) 13299
245 10 - MENCIÓN DE TÍTULO
Título Documento firmado por Don José Covian de los Ríos y Bruno Francisco Larrañaga
Mención de responsabilidad, etc. José Covian de los Ríos ; Bruno Francisco Larrañaga.
260 ## - PUBLICACIÓN, DISTRIBUCIÓN, ETC.
Lugar de publicación, distribución, etc. México
Fecha de publicación, distribución, etc. 1798
300 ## - DESCRIPCIÓN FÍSICA
Extensión [43] fojas
Dimensiones 29 x 20 cm.
500 ## - NOTA GENERAL
Nota general Documento redactado entre el 1 de enero hasta el 28 de febrero de 1798.
500 ## - NOTA GENERAL
Nota general Libro #16. Data de los caudales de los Propios, Rentas de Sisa, Posito y demás de la Nueva España de México del Cargo de Don José Covian de los Ríos, Mayordomo Depositario, desde el 1 de enero hasta 28 de febrero de 1798 y desde el 1 de marzo del mismo año por Don Bruno Francisco Larrañaga.
500 ## - NOTA GENERAL
Nota general Legajo 1: Data de alcances de años anteriores. -- Legajo 2: Data de lo pagado de salarios del ramo de propios. Año de 1798. -- Legajo 3: Data de lo pagado de réditos de los principales que reconocen la Nueva España del ramo de propios. Año de 1798. -- Legajo 4: Data de lo gastado en fiestas de Santos Patronos de la Nueva España. Año de 1798. -- Legajo 5: Data de los gastos judiciales en negocios de la Nueva España. Año de 1798. -- Legajo 6: Data de lo gastado en obras de fincas. 1789. -- Legajo 7: Data de lo erogado en gastos ordinarios. 1798. -- Legajo 8: Data de los gastos erogados en el Ramo del Fiel Contraste de Pesas y Medidas de la ciudad y el campo. -- Legajo 9: Data de los gastos erogados en la atención de los mercados y de las plazuelas propias de la Nueva España. Año de 1798. -- Legajo 10: Data de los gastos erogados en la atención del mercado principal de la plaza del Volador. 1798. -- Legajo 11: Data de los gastos erogados en la atención del mercado de la Plazuela de Jesús Nazareno.
500 ## - NOTA GENERAL
Nota general El documento contiene la leyenda DOC. #287.
500 ## - NOTA GENERAL
Nota general El papel tiene una pigmentación azul.
500 ## - NOTA GENERAL
Nota general Estado de conservación: el documento contiene manchas por acidez de la tinta.
506 0# - NOTA DE RESTRICCIONES AL ACCESO
Limitaciones de acceso Fondo Reservado. Para su consulta es necesario credencial de usuario y carta de motivos.
546 ## - NOTA DE LENGUA/LENGUAJE
Nota de lengua/lenguaje Texto en: Español de finales del siglo XVIII.
600 14 - PUNTO DE ACCESO ADICIONAL DE MATERIA--NOMBRE DE PERSONA
Nombre de persona Covian de los Ríos, José
Subdivisión general Fuentes
9 (RLIN) 13300
650 14 - PUNTO DE ACCESO ADICIONAL DE MATERIA--TÉRMINO DE MATERIA
Término de materia o nombre geográfico como elemento de entrada Documentos legales
Subdivisión de forma Manuscritos
Subdivisión general Historia
9 (RLIN) 12814
651 #4 - PUNTO DE ACCESO ADICIONAL DE MATERIA--NOMBRE GEOGRÁFICO
Nombre geográfico México
Subdivisión general Historia
Subdivisión cronológica Colonia, 1521-1821
9 (RLIN) 12461
700 1# - PUNTO DE ACCESO ADICIONAL--NOMBRE DE PERSONA
Nombre de persona Larrañaga, Bruno Francisco
9 (RLIN) 13301
902 ## - CATALOGADOR
Iniciales FDH
942 ## - ELEMENTOS DE PUNTO DE ACCESO ADICIONAL (KOHA)
Fuente del sistema de clasificación o colocación Library of Congress Classification
Tipo de ítem Koha Documentos
Holdings
Estado de retiro Estado de pérdida Estado dañado No para préstamo Localización permanente Ubicación/localización actual Fecha de adquisición Total de préstamos Signatura topográfica completa Código de barras Fecha visto por última vez Precio válido a partir de Tipo de ítem Koha
El ejemplar forma parte de la colección y puede ser consultado según las políticas vigentes.       Biblioteca del Museo Franz Mayer (Rogerio Casas-Alatriste) Biblioteca del Museo Franz Mayer (Rogerio Casas-Alatriste) 25/11/2010   DOC119D .C68 1798 5629 22/03/2019 22/03/2019 Documentos